| 000 | 00752nam a22002177a 4500 | ||
|---|---|---|---|
| 003 | OSt | ||
| 005 | 20160509164830.0 | ||
| 008 | 130402s2012 s ||||| |||| 00| 0 s d | ||
| 020 | _a9788431328597 | ||
| 040 |
_cCDMR _bcat |
||
| 100 | 1 |
_93054 _aPérez-Latre, Francisco Javier |
|
| 245 | 1 | 0 |
_aInnovación en los medios _b: la ruta del cambio _cFrancisco J. Pérez-Latre, Alfonso Sánchez-Tabernero |
| 260 |
_aPamplona _bEdiciones Universidad de Navarra _c2012 |
||
| 300 | _a326 p. | ||
| 490 | 0 | _aComunicación | |
| 650 | 0 | 4 |
_91243 _aComunicació _xInnovacions tecnològiques |
| 650 | 0 | 0 |
_93077 _aEmprenedoria |
| 650 | 0 | 4 |
_93080 _aMitjans de comunicació de massa _xInnovacions tecnològiques |
| 700 | 1 |
_9402 _aSánchez Tabernero, Alfonso |
|
| 942 |
_2udc _cMON |
||
| 999 |
_c6036 _d6036 |
||